00433nam a22001337a 4500008004100000082001700041100002100058245007400079260001500153300000800168942001200176999001500188952009600203230629b xxu||||| |||| 00| 0 eng d a333.736bODU cD.C. Edwards Bsc aReport on the Grazing Areas of the Northern Frontier Distict of Kenya aKenyabGOK a52p 2ddccBK c2960d2960 00102ddc4070a002b002d2023-06-29l0o333.736 ODUp10014102r2023-06-29w2023-06-29yBK